[Event "Deutsche Ländermeisterschaft 2022"]
[Site "Wiesbaden GER"]
[Date "2022.10.02"]
[Round "3"]
[White "Buchinger, Alexis"]
[Black "Braun, Julian"]
[Result "1-0"]
[Termination "normal"]
[Board "3.5"]
[WhiteElo "1802"]
[BlackElo "1715"]
[WhiteClock "01:14:06"]
[BlackClock "00:42:13"]
[WhiteTeam "Hessen"]
[BlackTeam "Hamburg"]
[PlyCount "120"]
[WhiteFideId "16287134"]
[BlackFideId "16289293"]
[EventCountry "GER"]
[EventRounds "7"]
[EventType "team-swiss"]
[EventDate "2022.09.30"]

1. e4 {[%clk 1:30:55]} e5 {[%clk 1:30:59]} 2. Nf3 {[%clk 1:31:19]} Nc6 {[%clk
1:31:26]} 3. Bc4 {[%clk 1:31:45]} Bc5 {[%clk 1:31:50]} 4. O-O {[%clk 1:32:02]}
Nf6 {[%clk 1:32:02]} 5. d3 {[%clk 1:32:27]} O-O {[%clk 1:32:17]} 6. a4 {[%clk
1:32:43]} a5 {[%clk 1:31:47]} 7. Re1 {[%clk 1:31:31]} h6 {[%clk 1:29:49]} 8.
Nbd2 {[%clk 1:29:29]} d6 {[%clk 1:26:23]} 9. c3 {[%clk 1:28:24]} Re8 {[%clk
1:25:13]} 10. Nf1 {[%clk 1:27:25]} Be6 {[%clk 1:21:37]} 11. Qb3 {[%clk
1:23:27]} Qd7 {[%clk 1:20:23]} 12. Be3 {[%clk 1:21:19]} Bxc4 {[%clk 1:18:48]}
13. Qxc4 {[%clk 1:21:01]} Bxe3 {[%clk 1:18:48]} 14. Nxe3 {[%clk 1:21:13]} Rad8
{[%clk 1:15:50]} 15. Rad1 {[%clk 1:20:13]} d5 {[%clk 1:07:07]} 16. exd5 {[%clk
1:20:27]} Nxd5 {[%clk 1:07:14]} 17. Nxd5 {[%clk 1:19:56]} Qxd5 {[%clk 1:05:30]}
18. Qxd5 {[%clk 1:19:33]} Rxd5 {[%clk 1:05:56]} 19. Kf1 {[%clk 1:12:29]} Kf8
{[%clk 1:03:08]} 20. Rd2 {[%clk 1:08:18]} b6 {[%clk 0:57:34]} 21. Red1 {[%clk
1:07:56]} Red8 {[%clk 0:55:38]} 22. Ke2 {[%clk 1:07:38]} Ke7 {[%clk 0:55:22]}
23. Ke3 {[%clk 1:07:44]} Ke6 {[%clk 0:55:22]} 24. d4 {[%clk 1:07:08]} exd4+
{[%clk 0:49:46]} 25. Nxd4+ {[%clk 1:07:29]} Nxd4 {[%clk 0:49:52]} 26. Rxd4
{[%clk 1:07:48]} Rxd4 {[%clk 0:49:08]} 27. Rxd4 {[%clk 1:08:14]} Rxd4 {[%clk
0:48:49]} 28. Kxd4 {[%clk 1:08:39]} Kd6 {[%clk 0:48:46]} 29. b4 {[%clk
1:08:07]} c5+ {[%clk 0:47:10]} 30. bxc5+ {[%clk 1:07:20]} bxc5+ {[%clk
0:47:37]} 31. Kc4 {[%clk 1:07:32]} Kc6 {[%clk 0:47:58]} 32. g4 {[%clk 1:07:04]}
g6 {[%clk 0:45:22]} 33. h4 {[%clk 1:05:34]} f6 {[%clk 0:37:52]} 34. h5 {[%clk
1:05:14]} gxh5 {[%clk 0:37:02]} 35. gxh5 {[%clk 1:05:38]} f5 {[%clk 0:37:10]}
36. f4 {[%clk 1:06:05]} Kd6 {[%clk 0:36:37]} 37. Kb5 {[%clk 1:06:30]} Kd5
{[%clk 0:36:16]} 38. Kxa5 {[%clk 1:06:56]} Ke4 {[%clk 0:36:13]} 39. Kb5 {[%clk
1:07:16]} Kxf4 {[%clk 0:36:36]} 40. a5 {[%clk 1:07:42]} Ke3 {[%clk 0:36:01]}
41. a6 {[%clk 1:08:06]} f4 {[%clk 0:36:25]} 42. a7 {[%clk 1:08:32]} f3 {[%clk
0:36:40]} 43. a8=Q {[%clk 1:08:51]} f2 {[%clk 0:36:40]} 44. Qg2 {[%clk
1:09:10]} Ke2 {[%clk 0:36:54]} 45. Kxc5 {[%clk 1:09:34]} Ke1 {[%clk 0:37:15]}
46. Kd6 {[%clk 1:09:36]} f1=Q {[%clk 0:37:32]} 47. Qxf1+ {[%clk 1:09:48]} Kxf1
{[%clk 0:37:59]} 48. Ke6 {[%clk 1:09:57]} Ke2 {[%clk 0:38:19]} 49. c4 {[%clk
1:10:21]} Ke3 {[%clk 0:38:40]} 50. c5 {[%clk 1:10:44]} Kf4 {[%clk 0:39:05]} 51.
Kf6 {[%clk 1:11:00]} Kg4 {[%clk 0:39:22]} 52. Kg6 {[%clk 1:11:25]} Kf4 {[%clk
0:39:38]} 53. c6 {[%clk 1:11:50]} Ke5 {[%clk 0:39:57]} 54. c7 {[%clk 1:12:00]}
Kd6 {[%clk 0:40:19]} 55. c8=Q {[%clk 1:12:20]} Ke5 {[%clk 0:40:40]} 56. Qf5+
{[%clk 1:12:43]} Kd4 {[%clk 0:41:02]} 57. Kxh6 {[%clk 1:12:59]} Ke3 {[%clk
0:41:23]} 58. Qg4 {[%clk 1:13:25]} Kd3 {[%clk 0:41:40]} 59. Qf4 {[%clk
1:13:46]} Kc3 {[%clk 0:41:57]} 60. Qe4 {[%clk 1:14:06]} Kb3 {[%clk 0:42:13]}
1-0

[Event "Deutsche Ländermeisterschaft 2022"]
[Site "Wiesbaden GER"]
[Date "2022.10.02"]
[Round "3"]
[White "Boder, Jan"]
[Black "Waffenschmidt, Lars"]
[Result "1-0"]
[Termination "normal"]
[Board "4.1"]
[WhiteTitle "FM"]
[BlackTitle "FM"]
[WhiteElo "2341"]
[BlackElo "2302"]
[WhiteClock "00:03:22"]
[BlackClock "00:01:20"]
[WhiteTeam "Rheinland-Pfalz"]
[BlackTeam "Württemberg"]
[PlyCount "79"]
[WhiteFideId "16243226"]
[BlackFideId "16244656"]
[EventCountry "GER"]
[EventRounds "7"]
[EventType "team-swiss"]
[EventDate "2022.09.30"]

1. e4 {[%clk 1:30:54]} e5 {[%clk 1:30:51]} 2. Nf3 {[%clk 1:31:19]} Nc6 {[%clk
1:31:12]} 3. Bc4 {[%clk 1:31:33]} Bc5 {[%clk 1:31:30]} 4. d3 {[%clk 1:31:50]}
Nf6 {[%clk 1:31:48]} 5. Nc3 {[%clk 1:32:10]} h6 {[%clk 1:31:55]} 6. O-O {[%clk
1:31:53]} O-O {[%clk 1:30:20]} 7. h3 {[%clk 1:31:46]} a6 {[%clk 1:28:48]} 8.
Be3 {[%clk 1:31:21]} Bxe3 {[%clk 1:28:42]} 9. fxe3 {[%clk 1:31:45]} d6 {[%clk
1:28:57]} 10. a3 {[%clk 1:27:06]} Be6 {[%clk 1:29:12]} 11. Nd5 {[%clk 1:24:20]}
Bxd5 {[%clk 1:25:08]} 12. Bxd5 {[%clk 1:21:08]} Nxd5 {[%clk 1:24:22]} 13. exd5
{[%clk 1:21:33]} Ne7 {[%clk 1:24:38]} 14. c4 {[%clk 1:20:57]} f5 {[%clk
1:18:26]} 15. d4 {[%clk 1:14:16]} e4 {[%clk 1:14:10]} 16. Nd2 {[%clk 1:13:51]}
Qd7 {[%clk 1:04:20]} 17. h4 {[%clk 1:04:15]} f4 {[%clk 0:39:20]} 18. Rxf4
{[%clk 0:45:49]} Rxf4 {[%clk 0:38:14]} 19. exf4 {[%clk 0:46:15]} e3 {[%clk
0:36:55]} 20. Nf1 {[%clk 0:45:25]} Qf5 {[%clk 0:21:34]} 21. Qf3 {[%clk
0:42:16]} Qc2 {[%clk 0:20:59]} 22. Nxe3 {[%clk 0:35:12]} Qxb2 {[%clk 0:21:15]}
23. Rd1 {[%clk 0:35:37]} Ng6 {[%clk 0:12:33]} 24. Qg4 {[%clk 0:31:30]} Qb3
{[%clk 0:06:28]} 25. Nf5 {[%clk 0:18:58]} Rf8 {[%clk 0:06:48]} 26. Re1 {[%clk
0:18:57]} Qc3 {[%clk 0:04:33]} 27. Re4 {[%clk 0:16:26]} Rf6 {[%clk 0:03:08]}
28. h5 {[%clk 0:16:06]} Qd3 {[%clk 0:02:36]} 29. Re8+ {[%clk 0:04:27]} Kf7
{[%clk 0:02:56]} 30. Re7+ {[%clk 0:03:43]} Kf8 {[%clk 0:02:41]} 31. hxg6 {[%clk
0:01:25]} Qxf5 {[%clk 0:01:51]} 32. Qxf5 {[%clk 0:01:40]} Rxf5 {[%clk 0:02:13]}
33. Rxc7 {[%clk 0:02:05]} Rxf4 {[%clk 0:02:23]} 34. Rc8+ {[%clk 0:01:06]} Ke7
{[%clk 0:02:45]} 35. Rc7+ {[%clk 0:01:34]} Kd8 {[%clk 0:02:03]} 36. Rxg7 {[%clk
0:01:49]} Kc8 {[%clk 0:00:58]} 37. Rf7 {[%clk 0:02:05]} Rg4 {[%clk 0:00:51]}
38. g7 {[%clk 0:02:31]} b5 {[%clk 0:01:01]} 39. cxb5 {[%clk 0:02:56]} axb5
{[%clk 0:01:20]} 40. Rf8+ {[%clk 0:03:22]} 1-0

[Event "Deutsche Ländermeisterschaft 2022"]
[Site "Wiesbaden GER"]
[Date "2022.10.02"]
[Round "3"]
[White "Sidletskyi, Ivan"]
[Black "Jaskulski, Jan"]
[Result "1-0"]
[Termination "normal"]
[Board "4.3"]
[WhiteElo "2184"]
[BlackElo "1849"]
[WhiteClock "00:11:26"]
[BlackClock "00:00:43"]
[WhiteTeam "Rheinland-Pfalz"]
[BlackTeam "Württemberg"]
[PlyCount "65"]
[WhiteFideId "14156024"]
[BlackFideId "21877807"]
[EventCountry "GER"]
[EventRounds "7"]
[EventType "team-swiss"]
[EventDate "2022.09.30"]

1. e4 {[%clk 1:30:00]} c5 {[%clk 1:30:51]} 2. Nf3 {[%clk 1:30:05]} d6 {[%clk
1:31:15]} 3. d4 {[%clk 1:30:09]} cxd4 {[%clk 1:31:41]} 4. Nxd4 {[%clk 1:30:22]}
Nf6 {[%clk 1:32:04]} 5. Nc3 {[%clk 1:30:14]} Nc6 {[%clk 1:32:32]} 6. g3 {[%clk
1:29:59]} e5 {[%clk 1:25:20]} 7. Nde2 {[%clk 1:29:35]} Be7 8. Bg2 {[%clk
1:29:08]} O-O {[%clk 1:16:33]} 9. O-O {[%clk 1:25:22]} Bg4 {[%clk 1:01:34]} 10.
h3 {[%clk 1:17:35]} Be6 {[%clk 1:01:29]} 11. Nd5 {[%clk 1:13:34]} Bxd5 {[%clk
0:43:53]} 12. exd5 {[%clk 1:13:48]} Nb8 {[%clk 0:44:10]} 13. b3 {[%clk
1:03:57]} Nbd7 {[%clk 0:44:07]} 14. Bb2 {[%clk 0:59:12]} b5 {[%clk 0:41:29]}
15. a4 {[%clk 0:52:02]} b4 {[%clk 0:37:23]} 16. Qd2 {[%clk 0:43:05]} a5 {[%clk
0:37:41]} 17. f4 {[%clk 0:35:09]} Qb6+ {[%clk 0:30:40]} 18. Kh1 {[%clk
0:34:24]} Rac8 {[%clk 0:29:29]} 19. Rab1 {[%clk 0:30:34]} Rfe8 {[%clk 0:18:43]}
20. c4 {[%clk 0:28:17]} bxc3 {[%clk 0:13:07]} 21. Bxc3 {[%clk 0:27:27]} Bd8
{[%clk 0:11:57]} 22. b4 {[%clk 0:21:28]} axb4 {[%clk 0:11:24]} 23. Bxb4 {[%clk
0:21:00]} Qa6 {[%clk 0:11:24]} 24. fxe5 {[%clk 0:18:08]} Rxe5 {[%clk 0:09:56]}
25. Nd4 {[%clk 0:15:20]} Nxd5 {[%clk 0:01:11]} 26. Nf3 {[%clk 0:13:29]} Ne3
{[%clk 0:00:46]} 27. Nxe5 {[%clk 0:12:49]} Nxf1 {[%clk 0:00:36]} 28. Bxf1
{[%clk 0:12:51]} Qxa4 {[%clk 0:00:38]} 29. Nxd7 {[%clk 0:11:51]} Qxd7 {[%clk
0:00:34]} 30. Qxd6 {[%clk 0:11:56]} Qxd6 {[%clk 0:00:33]} 31. Bxd6 {[%clk
0:12:19]} g5 {[%clk 0:00:45]} 32. g4 {[%clk 0:11:07]} Bc7 {[%clk 0:00:43]} 33.
Rc1 {[%clk 0:11:26]} 1-0

[Event "Deutsche Ländermeisterschaft 2022"]
[Site "Wiesbaden GER"]
[Date "2022.10.02"]
[Round "3"]
[White "Kocharin, Timur"]
[Black "Mader, Fabian"]
[Result "1-0"]
[Termination "normal"]
[Board "4.4"]
[WhiteElo "1971"]
[BlackElo "1735"]
[WhiteClock "00:32:31"]
[BlackClock "00:06:48"]
[WhiteTeam "Württemberg"]
[BlackTeam "Rheinland-Pfalz"]
[PlyCount "67"]
[WhiteFideId "16240936"]
[BlackFideId "16265866"]
[EventCountry "GER"]
[EventRounds "7"]
[EventType "team-swiss"]
[EventDate "2022.09.30"]

1. e4 {[%clk 1:30:35]} c5 {[%clk 1:30:51]} 2. Nf3 {[%clk 1:30:38]} Nc6 {[%clk
1:31:08]} 3. d4 {[%clk 1:30:45]} cxd4 {[%clk 1:31:29]} 4. Nxd4 {[%clk 1:31:08]}
Nf6 {[%clk 1:31:51]} 5. Nc3 {[%clk 1:31:28]} e5 {[%clk 1:32:02]} 6. Ndb5 {[%clk
1:31:41]} d6 {[%clk 1:32:25]} 7. Bg5 {[%clk 1:31:50]} a6 {[%clk 1:32:41]} 8.
Na3 {[%clk 1:32:08]} b5 {[%clk 1:33:05]} 9. Bxf6 {[%clk 1:32:28]} gxf6 {[%clk
1:33:22]} 10. Nd5 {[%clk 1:32:43]} f5 {[%clk 1:33:18]} 11. g3 {[%clk 1:32:38]}
Bg7 {[%clk 1:30:52]} 12. exf5 {[%clk 1:31:25]} Bxf5 {[%clk 1:30:10]} 13. Bg2
{[%clk 1:31:32]} Rc8 {[%clk 1:27:57]} 14. c3 {[%clk 1:30:46]} O-O {[%clk
1:26:46]} 15. Nc2 {[%clk 1:29:53]} Ne7 {[%clk 1:20:50]} 16. Nxe7+ {[%clk
1:27:39]} Qxe7 {[%clk 1:21:13]} 17. Ne3 {[%clk 1:25:59]} Be6 {[%clk 1:20:43]}
18. Nd5 {[%clk 1:20:22]} Bxd5 {[%clk 1:12:19]} 19. Bxd5 {[%clk 1:11:24]} Kh8
{[%clk 1:07:47]} 20. O-O {[%clk 1:07:13]} f5 {[%clk 1:02:00]} 21. Qe2 {[%clk
1:01:05]} f4 {[%clk 0:52:29]} 22. f3 {[%clk 0:50:24]} Rf6 {[%clk 0:44:25]} 23.
g4 {[%clk 0:45:46]} Rh6 {[%clk 0:39:02]} 24. a4 {[%clk 0:43:00]} Qd7 {[%clk
0:32:52]} 25. axb5 {[%clk 0:41:52]} axb5 {[%clk 0:28:23]} 26. Qf2 {[%clk
0:39:42]} Bf6 {[%clk 0:21:50]} 27. Ra7 {[%clk 0:36:34]} Rc7 {[%clk 0:19:04]}
28. Rxc7 {[%clk 0:36:23]} Qxc7 {[%clk 0:19:28]} 29. Ra1 {[%clk 0:36:24]} Bd8
{[%clk 0:18:44]} 30. Ra7 {[%clk 0:33:33]} Qb6 {[%clk 0:10:35]} 31. Ra8 {[%clk
0:32:24]} Kg7 {[%clk 0:10:26]} 32. Qxb6 {[%clk 0:31:46]} Bxb6+ {[%clk 0:10:50]}
33. Kg2 {[%clk 0:32:13]} Rf6 {[%clk 0:06:48]} 34. Rg8+ {[%clk 0:32:31]} 1-0

[Event "Deutsche Ländermeisterschaft 2022"]
[Site "Wiesbaden GER"]
[Date "2022.10.02"]
[Round "3"]
[White "Wylie, Leonard"]
[Black "Vranckx, Oscar"]
[Result "0-1"]
[Termination "normal"]
[Board "4.6"]
[WhiteElo "1721"]
[BlackElo "1583"]
[WhiteClock "00:52:54"]
[BlackClock "01:25:19"]
[WhiteTeam "Württemberg"]
[BlackTeam "Rheinland-Pfalz"]
[PlyCount "86"]
[WhiteFideId "479616"]
[BlackFideId "34608788"]
[EventCountry "GER"]
[EventRounds "7"]
[EventType "team-swiss"]
[EventDate "2022.09.30"]

1. e4 {[%clk 1:30:57]} c5 {[%clk 1:30:57]} 2. c3 {[%clk 1:31:20]} e5 {[%clk
1:31:14]} 3. Nf3 {[%clk 1:31:30]} Nc6 {[%clk 1:31:34]} 4. Bc4 {[%clk 1:31:33]}
h6 {[%clk 1:31:11]} 5. O-O {[%clk 1:31:11]} Nf6 {[%clk 1:30:53]} 6. d4 {[%clk
1:29:40]} cxd4 {[%clk 1:30:04]} 7. cxd4 {[%clk 1:28:47]} exd4 {[%clk 1:29:27]}
8. Nxd4 {[%clk 1:28:46]} Bc5 {[%clk 1:29:41]} 9. Nxc6 {[%clk 1:28:41]} dxc6
{[%clk 1:28:38]} 10. Nc3 {[%clk 1:23:41]} Qc7 {[%clk 1:27:40]} 11. e5 {[%clk
1:22:17]} Ng4 {[%clk 1:27:18]} 12. Bf4 {[%clk 1:22:09]} O-O {[%clk 1:27:21]}
13. h3 {[%clk 1:21:04]} Nxe5 {[%clk 1:25:30]} 14. Ne4 {[%clk 1:08:48]} Qe7
{[%clk 1:25:18]} 15. Bb3 {[%clk 1:07:31]} Ng6 {[%clk 1:23:07]} 16. Nxc5 {[%clk
1:06:04]} Nxf4 {[%clk 1:23:25]} 17. Qf3 {[%clk 1:03:51]} Nxh3+ {[%clk 1:23:32]}
18. gxh3 {[%clk 1:04:08]} Qxc5 {[%clk 1:23:55]} 19. Rfe1 {[%clk 1:02:56]} Qf5
{[%clk 1:23:30]} 20. Qxf5 {[%clk 1:02:23]} Bxf5 {[%clk 1:23:05]} 21. Re7 {[%clk
1:02:44]} b6 {[%clk 1:22:54]} 22. Rc7 {[%clk 1:02:44]} Bxh3 {[%clk 1:22:43]}
23. Re1 {[%clk 1:02:49]} Rac8 {[%clk 1:23:04]} 24. Rxa7 {[%clk 1:02:43]} c5
{[%clk 1:23:01]} 25. Bc4 {[%clk 1:02:23]} Bf5 {[%clk 1:23:21]} 26. Ree7 {[%clk
1:01:27]} Bg6 {[%clk 1:23:37]} 27. Rab7 {[%clk 0:59:59]} Rc6 {[%clk 1:24:01]}
28. Kh2 {[%clk 0:58:38]} Rf6 {[%clk 1:24:16]} 29. Kg3 {[%clk 0:58:48]} Rd8
{[%clk 1:24:34]} 30. f3 {[%clk 0:57:45]} Rd4 {[%clk 1:24:48]} 31. b3 {[%clk
0:57:52]} Rdf4 {[%clk 1:25:13]} 32. Bd5 {[%clk 0:56:19]} Bh5 {[%clk 1:25:19]}
33. Be4 {[%clk 0:55:20]} g5 {[%clk 1:25:28]} 34. Re8+ {[%clk 0:55:25]} Kg7
{[%clk 1:25:37]} 35. Rbb8 {[%clk 0:55:15]} Rxf3+ {[%clk 1:25:11]} 36. Kg2
{[%clk 0:54:46]} Rf2+ {[%clk 1:25:11]} 37. Kg1 {[%clk 0:54:46]} Rf1+ {[%clk
1:25:42]} 38. Kh2 {[%clk 0:54:54]} R6f2+ {[%clk 1:25:42]} 39. Kg3 {[%clk
0:54:54]} f5 {[%clk 1:25:42]} 40. Rg8+ {[%clk 0:54:54]} Kf6 {[%clk 1:25:42]}
41. Bg2 {[%clk 0:52:46]} f4+ {[%clk 1:25:35]} 42. Kh3 {[%clk 0:52:50]} Rg1
{[%clk 1:25:19]} 43. Rxb6+ {[%clk 0:52:54]} Ke5 0-1

[Event "Deutsche Ländermeisterschaft 2022"]
[Site "Wiesbaden GER"]
[Date "2022.10.02"]
[Round "3"]
[White "Jeschke, Jan"]
[Black "Wong, Gengchun"]
[Result "0-1"]
[Termination "normal"]
[Board "5.1"]
[WhiteElo "2146"]
[BlackElo "2195"]
[WhiteClock "00:01:21"]
[BlackClock "00:13:56"]
[WhiteTeam "Saarland"]
[BlackTeam "Sachsen"]
[PlyCount "68"]
[WhiteFideId "16225430"]
[BlackFideId "12963283"]
[EventCountry "GER"]
[EventRounds "7"]
[EventType "team-swiss"]
[EventDate "2022.09.30"]

1. e4 {[%clk 1:30:55]} e5 {[%clk 1:30:57]} 2. Nf3 {[%clk 1:31:03]} Nc6 {[%clk
1:31:22]} 3. d4 {[%clk 1:30:43]} exd4 {[%clk 1:31:47]} 4. Nxd4 {[%clk 1:31:02]}
Nf6 {[%clk 1:32:09]} 5. Nxc6 {[%clk 1:26:55]} bxc6 {[%clk 1:31:32]} 6. e5
{[%clk 1:27:17]} Qe7 {[%clk 1:31:59]} 7. Qe2 {[%clk 1:27:43]} Nd5 {[%clk
1:32:26]} 8. h4 {[%clk 1:28:07]} Qe6 {[%clk 1:32:47]} 9. h5 {[%clk 1:25:29]} a5
{[%clk 1:29:31]} 10. h6 {[%clk 1:23:42]} gxh6 {[%clk 1:29:13]} 11. c4 {[%clk
1:18:04]} Nb6 {[%clk 1:29:26]} 12. Nd2 {[%clk 1:17:51]} Ba6 {[%clk 1:26:18]}
13. b3 {[%clk 1:16:26]} Bg7 {[%clk 1:15:41]} 14. Bb2 {[%clk 1:09:45]} d5 {[%clk
1:11:38]} 15. cxd5 {[%clk 1:07:53]} cxd5 {[%clk 1:10:57]} 16. Qe3 {[%clk
1:07:28]} Bxf1 {[%clk 1:11:13]} 17. Kxf1 {[%clk 1:06:44]} O-O {[%clk 0:58:37]}
18. Nf3 {[%clk 0:58:07]} Nd7 {[%clk 0:57:36]} 19. Re1 {[%clk 0:52:10]} c5
{[%clk 0:56:34]} 20. Rh3 {[%clk 0:49:08]} d4 {[%clk 0:48:55]} 21. Qe4 {[%clk
0:39:56]} Rae8 {[%clk 0:48:00]} 22. Rg3 {[%clk 0:22:16]} Kh8 {[%clk 0:46:04]}
23. Bc1 {[%clk 0:14:17]} f6 {[%clk 0:25:49]} 24. exf6 {[%clk 0:05:33]} Qa6+
{[%clk 0:26:10]} 25. Kg1 {[%clk 0:06:00]} Nxf6 {[%clk 0:26:33]} 26. Qc2 {[%clk
0:03:26]} Rxe1+ {[%clk 0:26:04]} 27. Nxe1 {[%clk 0:03:54]} Re8 {[%clk 0:20:32]}
28. Nd3 {[%clk 0:03:38]} Ne4 {[%clk 0:20:13]} 29. Rxg7 {[%clk 0:01:25]} Kxg7
{[%clk 0:20:09]} 30. Nxc5 {[%clk 0:01:44]} Qc8 {[%clk 0:13:04]} 31. Bb2 {[%clk
0:01:38]} Nc3 {[%clk 0:12:51]} 32. Nd3 {[%clk 0:00:32]} Ne2+ {[%clk 0:13:12]}
33. Qxe2 {[%clk 0:00:55]} Rxe2 {[%clk 0:13:37]} 34. Bxd4+ {[%clk 0:01:21]} Kg8
{[%clk 0:13:56]} 0-1

[Event "Deutsche Ländermeisterschaft 2022"]
[Site "Wiesbaden GER"]
[Date "2022.10.02"]
[Round "3"]
[White "Hassemeier, Mika"]
[Black "Chassard, Cedric"]
[Result "1/2-1/2"]
[Termination "normal"]
[Board "5.2"]
[WhiteElo "2095"]
[BlackElo "2042"]
[WhiteClock "00:10:28"]
[BlackClock "00:40:56"]
[WhiteTeam "Sachsen"]
[BlackTeam "Saarland"]
[PlyCount "42"]
[WhiteFideId "12994880"]
[BlackFideId "16243536"]
[EventCountry "GER"]
[EventRounds "7"]
[EventType "team-swiss"]
[EventDate "2022.09.30"]

1. Nf3 {[%clk 1:30:59]} d5 2. e3 {[%clk 1:31:08]} Nf6 {[%clk 1:30:41]} 3. c4
{[%clk 1:31:28]} e6 {[%clk 1:30:33]} 4. Nc3 Be7 {[%clk 1:25:11]} 5. b3 {[%clk
1:30:41]} O-O {[%clk 1:25:08]} 6. Bb2 {[%clk 1:28:48]} b6 {[%clk 1:24:46]} 7.
g3 {[%clk 1:28:59]} Bb7 {[%clk 1:23:00]} 8. Bg2 {[%clk 1:27:51]} c5 {[%clk
1:23:06]} 9. O-O {[%clk 1:28:08]} Qc8 {[%clk 1:11:13]} 10. Qe2 {[%clk 1:13:41]}
Nc6 {[%clk 1:06:24]} 11. d3 {[%clk 1:10:10]} dxc4 {[%clk 1:03:32]} 12. dxc4
{[%clk 0:58:58]} Rd8 {[%clk 1:00:19]} 13. Rad1 {[%clk 0:56:38]} Bf8 {[%clk
0:55:40]} 14. Rxd8 {[%clk 0:40:13]} Qxd8 {[%clk 0:54:28]} 15. Rd1 {[%clk
0:39:57]} Qe7 {[%clk 0:53:56]} 16. e4 Rd8 {[%clk 0:53:18]} 17. e5 {[%clk
0:33:46]} Ne8 {[%clk 0:51:00]} 18. h4 Rd7 {[%clk 0:43:55]} 19. Rxd7 {[%clk
0:11:35]} Qxd7 {[%clk 0:44:24]} 20. Qd1 {[%clk 0:10:06]} Qxd1+ {[%clk 0:44:22]}
21. Nxd1 {[%clk 0:10:28]} Nb4 {[%clk 0:40:56]} 1/2-1/2

[Event "Deutsche Ländermeisterschaft 2022"]
[Site "Wiesbaden GER"]
[Date "2022.10.02"]
[Round "3"]
[White "Feidt, Jonas"]
[Black "Heinrich, John"]
[Result "1-0"]
[Termination "normal"]
[Board "5.3"]
[WhiteElo "1908"]
[BlackElo "2139"]
[WhiteClock "00:01:02"]
[BlackClock "00:03:43"]
[WhiteTeam "Saarland"]
[BlackTeam "Sachsen"]
[PlyCount "75"]
[WhiteFideId "16243617"]
[BlackFideId "16259491"]
[EventCountry "GER"]
[EventRounds "7"]
[EventType "team-swiss"]
[EventDate "2022.09.30"]

1. c4 {[%clk 1:30:56]} c5 {[%clk 1:30:42]} 2. g3 {[%clk 1:31:09]} Nc6 {[%clk
1:30:58]} 3. Bg2 {[%clk 1:31:28]} g6 {[%clk 1:31:07]} 4. Nf3 {[%clk 1:31:44]}
Bg7 {[%clk 1:31:31]} 5. Nc3 {[%clk 1:31:51]} e6 {[%clk 1:31:30]} 6. O-O {[%clk
1:27:44]} Nge7 {[%clk 1:31:47]} 7. d3 {[%clk 1:17:04]} O-O {[%clk 1:30:14]} 8.
Rb1 {[%clk 1:10:02]} d5 {[%clk 1:26:11]} 9. Bd2 {[%clk 1:07:40]} b6 {[%clk
1:17:32]} 10. a3 {[%clk 1:03:27]} d4 {[%clk 0:47:30]} 11. Na4 {[%clk 0:57:59]}
Rb8 {[%clk 0:36:03]} 12. b4 {[%clk 0:40:55]} Qd6 {[%clk 0:30:41]} 13. Qc2
{[%clk 0:28:12]} Bd7 {[%clk 0:26:25]} 14. Rb2 {[%clk 0:17:08]} Rfc8 {[%clk
0:20:02]} 15. Rfb1 {[%clk 0:13:31]} cxb4 {[%clk 0:20:14]} 16. axb4 {[%clk
0:13:41]} b5 {[%clk 0:20:23]} 17. Nc5 {[%clk 0:12:48]} Be8 {[%clk 0:20:23]} 18.
Ng5 {[%clk 0:10:31]} bxc4 {[%clk 0:18:10]} 19. dxc4 {[%clk 0:09:53]} d3 {[%clk
0:12:25]} 20. exd3 {[%clk 0:09:57]} Bxb2 {[%clk 0:11:39]} 21. Nge4 {[%clk
0:08:49]} Qd4 {[%clk 0:10:42]} 22. Rxb2 {[%clk 0:08:51]} e5 {[%clk 0:09:51]}
23. Bc3 {[%clk 0:06:04]} Qd8 {[%clk 0:10:15]} 24. Nf6+ {[%clk 0:03:42]} Kg7
{[%clk 0:10:14]} 25. Nce4 {[%clk 0:03:47]} Ng8 {[%clk 0:10:02]} 26. Nd5 {[%clk
0:03:31]} f6 {[%clk 0:09:52]} 27. Ra2 {[%clk 0:02:52]} Ra8 {[%clk 0:08:47]} 28.
b5 {[%clk 0:01:28]} Nd4 {[%clk 0:08:22]} 29. Bxd4 {[%clk 0:01:33]} exd4 {[%clk
0:08:36]} 30. Qb2 {[%clk 0:01:52]} Bf7 {[%clk 0:08:47]} 31. Nb4 {[%clk
0:01:07]} Ne7 {[%clk 0:06:33]} 32. Ra6 {[%clk 0:01:17]} Rab8 {[%clk 0:05:19]}
33. Nd6 {[%clk 0:00:45]} Rc7 {[%clk 0:05:35]} 34. Qxd4 {[%clk 0:00:38]} Rd7
{[%clk 0:05:23]} 35. Bh3 {[%clk 0:00:38]} Nd5 {[%clk 0:04:11]} 36. Nc6 {[%clk
0:00:35]} Qc7 {[%clk 0:04:01]} 37. Bxd7 {[%clk 0:00:47]} Qxd6 {[%clk 0:03:43]}
38. Nxb8 {[%clk 0:01:02]} 1-0